[Event "Samara op"]
[Site "Samara"]
[Date "2010.07.30"]
[Round "8"]
[White "Belonogov, Alexander"]
[Black "Kalinin, Pavel"]
[Result "1/2-1/2"]
[WhiteElo "2103"]
[BlackElo "2128"]
[PlyCount "93"]
[EventDate "2010.07.23"]
[EventType "swiss"]
[EventRounds "9"]
[EventCountry "RUS"]
[SourceTitle "EXT 2011"]
[Source "ChessBase"]
[SourceDate "2010.11.26"]
[SourceVersion "1"]
[SourceVersionDate "2010.11.26"]
[SourceQuality "1"]

1. d4 Nf6 2. c4 c5 3. d5 g6 4. Nc3 Bg7 5. e4 d6 6. Be2 0-0 7. Nf3 e6 8. 0-0 Re8 9. Re1 exd5 10. exd5 Bf5 11. h3 Ne4 12. Nxe4 Bxe4 13. Nd2 Bf5 14. Nf1 Na6 15. Ne3 Bd7 16. Rb1 Qh4 17. Bf1 f5 18. g3 Qf6 19. b3 f4 20. Bb2 Qf7 21. gxf4 Qxf4 22. Bxg7 Kxg7 23. Qd3 h5 24. Qc3+ Qf6 25. Qxf6+ Kxf6 26. a3 Re5 27. f4 Re7 28. Kf2 Rf7 29. Kg3 Re8 30. Rb2 Rfe7 31. Rbe2 b5 32. Ng2 Rxe2 33. Rxe2 Rxe2 34. Bxe2 b4 35. a4 Bf5 36. Ne3 Bb1 37. Bd1 Nc7 38. Bc2 Bxc2 39. Nxc2 Ne8 40. Ne3 Ng7 41. Kf3 Nf5 42. Nxf5 Kxf5 43. Ke3 g5 44. fxg5 Kxg5 45. Ke4 a5 46. Kf3 Kf5 47. h4 1/2-1/2

[Event "Samara-ch"]
[Site "Samara"]
[Date "2010.04.22"]
[Round "2"]
[White "Belonogov, Alexander"]
[Black "Chernenko, Alexander"]
[Result "1/2-1/2"]
[WhiteElo "2103"]
[BlackElo "1965"]
[PlyCount "68"]
[EventDate "2010.04.21"]
[EventType "swiss"]
[EventRounds "9"]
[EventCountry "RUS"]
[SourceTitle "EXT 2012"]
[Source "ChessBase"]
[SourceDate "2011.11.24"]
[SourceVersion "1"]
[SourceVersionDate "2011.11.24"]
[SourceQuality "1"]

1. d4 Nf6 2. c4 g6 3. Nc3 d5 4. Nf3 Bg7 5. Bf4 c6 6. cxd5 Nxd5 7. Bxb8 Rxb8 8. e4 Nxc3 9. bxc3 0-0 10. Bc4 Qa5 11. 0-0 Qxc3 12. Rc1 Qa5 13. h3 Qh5 14. Be2 Qa5 15. e5 Be6 16. Ng5 Bd5 17. Bc4 Bh6 18. f4 Bxg5 19. fxg5 Bxc4 20. Rxc4 Qxa2 21. Ra4 Qd5 22. Rxa7 Rfd8 23. Rf4 Qxe5 24. Qg4 Qd5 25. Ra1 e5 26. dxe5 Qxe5 27. Raf1 Qe3+ 28. Kh1 Qe6 29. Qg3 Rf8 30. Rxf7 Qxf7 31. Rxf7 Kxf7 32. h4 Ke6 33. Qe3+ Kd5 34. Qd3+ Ke5 1/2-1/2

[Event "Samara-ch"]
[Site "Samara"]
[Date "2010.04.21"]
[Round "1"]
[White "Smetanov, Alexander"]
[Black "Belonogov, Alexander"]
[Result "0-1"]
[WhiteElo "1830"]
[BlackElo "2103"]
[PlyCount "56"]
[EventDate "2010.04.21"]
[EventType "swiss"]
[EventRounds "9"]
[EventCountry "RUS"]
[SourceTitle "EXT 2012"]
[Source "ChessBase"]
[SourceDate "2011.11.24"]
[SourceVersion "1"]
[SourceVersionDate "2011.11.24"]
[SourceQuality "1"]

1. e4 e5 2. Nf3 Nc6 3. Bc4 Nf6 4. Ng5 d5 5. exd5 Na5 6. Bb5+ c6 7. dxc6 bxc6 8. Be2 h6 9. Nf3 e4 10. Ne5 Bd6 11. d4 exd3 12. Nxd3 Qc7 13. h3 0-0 14. 0-0 Bf5 15. Nc3 Rad8 16. Bd2 Nc4 17. Qc1 Nxd2 18. Qxd2 c5 19. Qc1 c4 20. Ne1 Bh2+ 21. Kh1 Bf4 22. Qb1 Rd2 23. Bf3 Re8 24. Nb5 Qc5 25. a4 Rxf2 26. Rg1 Bxh3 27. b4 Qg5 28. Bc6 Qg3 0-1

[Event "Samara-chB"]
[Site "Samara"]
[Date "2009.12.14"]
[Round "9"]
[White "Belonogov, Alexander"]
[Black "Prihodko, Ilja"]
[Result "0-1"]
[WhiteElo "2106"]
[BlackElo "2020"]
[PlyCount "82"]
[EventDate "2009.12.06"]
[EventType "swiss"]
[EventRounds "9"]
[EventCountry "RUS"]
[SourceTitle "EXT 2012"]
[Source "ChessBase"]
[SourceDate "2011.11.24"]
[SourceVersion "1"]
[SourceVersionDate "2011.11.24"]
[SourceQuality "1"]

1. d4 Nf6 2. c4 e6 3. Nc3 Bb4 4. Qc2 0-0 5. e4 d5 6. e5 Ne4 7. Nf3 c5 8. a3 Qa5 9. Bd2 Nxd2 10. Qxd2 cxd4 11. Nxd4 dxc4 12. f4 Rd8 13. 0-0-0 Bc5 14. Nb3 Rxd2 15. Nxa5 Rxd1+ 16. Kxd1 Be3 17. g3 g5 18. Nxc4 gxf4 19. gxf4 Bxf4 20. Ne2 Bh6 21. Nd4 Nc6 22. Nxc6 bxc6 23. Bg2 Ba6 24. Nd6 Rd8 25. Bh3 Bf8 26. Rg1+ Kh8 27. Kc2 Bxd6 28. exd6 Rxd6 29. Rg3 Bc4 30. Kc3 Bd5 31. Bf1 e5 32. Bh3 Be6 33. Bf1 f5 34. Rg5 h6 35. Rh5 Kg7 36. Kb4 Kg6 37. Rh3 f4 38. Rc3 e4 39. Rc1 Bg4 40. h3 Bh5 41. Kc5 Rd1 0-1

[Event "Samara-chB"]
[Site "Samara"]
[Date "2009.12.06"]
[Round "1"]
[White "Belonogov, Alexander"]
[Black "Shapiro, David"]
[Result "0-1"]
[WhiteElo "2106"]
[BlackElo "1876"]
[PlyCount "122"]
[EventDate "2009.12.06"]
[EventType "swiss"]
[EventRounds "9"]
[EventCountry "RUS"]
[SourceTitle "EXT 2012"]
[Source "ChessBase"]
[SourceDate "2011.11.24"]
[SourceVersion "1"]
[SourceVersionDate "2011.11.24"]
[SourceQuality "1"]

1. d4 d5 2. c4 c6 3. Nc3 Nf6 4. Nf3 e6 5. e3 Nbd7 6. Bd3 dxc4 7. Bxc4 b5 8. Bd3 a6 9. 0-0 Bb7 10. e4 c5 11. e5 Nd5 12. Ne4 Be7 13. Bg5 0-0 14. Nd6 Bc6 15. Bxe7 Qxe7 16. dxc5 Nf4 17. Be4 Bxe4 18. Nxe4 Nxc5 19. Nxc5 Qxc5 20. Qd2 Ng6 21. Rac1 Qe7 22. Qa5 Qd8 23. Qb4 Qb6 24. Qd6 Qxd6 25. exd6 Nf4 26. Rc6 Rfc8 27. Rxc8+ Rxc8 28. Rd1 Nd5 29. Kf1 Kf8 30. Ng5 h6 31. Ne4 Rc6 32. g4 Ke8 33. a3 Kd7 34. b4 Nc3 35. Nxc3 Rxc3 36. Ra1 Kxd6 37. a4 Rc4 38. axb5 axb5 39. h3 Rxb4 40. Ra7 Rf4 41. Ke2 g5 42. Ke3 Kc5 43. f3 Kb4 44. h4 Kc4 45. hxg5 hxg5 46. Rc7+ Kb3 47. Rc5 b4 48. Rxg5 Rc4 49. Rg7 Kc2 50. Rxf7 b3 51. Rb7 b2 52. f4 Rc3+ 53. Ke2 b1Q 54. Rxb1 Kxb1 55. g5 Kc2 56. Kf2 Kd3 57. Kf3 Kd4+ 58. Kg4 Ke4 59. g6 Rc7 60. Kg5 Rg7 61. Kf6 Rxg6+ 0-1

[Event "Samara op"]
[Site "Samara"]
[Date "2008.12.11"]
[Round "7"]
[White "Belonogov, Alexander"]
[Black "Makarov, Yuri A"]
[Result "0-1"]
[WhiteElo "2138"]
[BlackElo "1904"]
[PlyCount "116"]
[EventDate "2008.12.05"]
[EventType "swiss"]
[EventRounds "9"]
[EventCountry "RUS"]
[SourceTitle "CBM 127 Extra"]
[Source "ChessBase"]
[SourceDate "2009.01.08"]
[SourceVersion "2"]
[SourceVersionDate "2009.01.28"]
[SourceQuality "1"]

1. d4 Nf6 2. c4 d6 3. Nf3 g6 4. Nc3 Bg7 5. e4 0-0 6. Be2 c5 7. d5 a6 8. a4 e6 9. 0-0 exd5 10. cxd5 Re8 11. Nd2 b6 12. f4 Nbd7 13. Bf3 Rb8 14. Nc4 Qc7 15. Re1 b5 16. axb5 axb5 17. Nxd6 Qxd6 18. e5 Nxe5 19. fxe5 Rxe5 20. Rxe5 Qxe5 21. Ne2 g5 22. d6 Bf8 23. g3 h6 24. Ra3 Qxd6 25. Rd3 Qc7 26. Be3 Bg4 27. Nc3 Bxf3 28. Qxf3 Bg7 29. h4 Qe5 30. hxg5 hxg5 31. Bf2 g4 32. Qc6 b4 33. Re3 Qf5 34. Nd1 Rd8 35. Re1 Ne4 36. Qxe4 Qxe4 37. Rxe4 Rxd1+ 38. Kg2 f5 39. Rf4 Rd5 40. b3 Kf7 41. Rc4 Bf8 42. Kf1 Ke6 43. Ke2 Kd6 44. Rc1 Bg7 45. Rh1 Bd4 46. Rh6+ Ke5 47. Be1 Rd6 48. Rh7 Ke4 49. Re7+ Be5 50. Bd2 Kd5 51. Be1 Re6 52. Rxe6 Kxe6 53. Kd3 Kd5 54. Bf2 f4 55. gxf4 Bxf4 56. Bg1 g3 57. Ke2 c4 58. bxc4+ Kxc4 0-1

[Event "Samara op"]
[Site "Samara"]
[Date "2008.12.09"]
[Round "5"]
[White "Belonogov, Alexander"]
[Black "Anisimov, Pavel V"]
[Result "1/2-1/2"]
[WhiteElo "2138"]
[BlackElo "1993"]
[PlyCount "60"]
[EventDate "2008.12.05"]
[EventType "swiss"]
[EventRounds "9"]
[EventCountry "RUS"]
[SourceTitle "CBM 127 Extra"]
[Source "ChessBase"]
[SourceDate "2009.01.08"]
[SourceVersion "2"]
[SourceVersionDate "2009.01.28"]
[SourceQuality "1"]

1. d4 Nf6 2. c4 d6 3. Nf3 Nbd7 4. Nc3 g6 5. e4 Bg7 6. Be2 0-0 7. 0-0 e5 8. Re1 c6 9. Bf1 Re8 10. dxe5 dxe5 11. h3 Qc7 12. Be3 Nf8 13. Qc2 Ne6 14. g3 Bf8 15. a3 a5 16. Na4 Nd7 17. c5 h5 18. Rad1 Be7 19. Bc4 Ndxc5 20. Nxc5 Nxc5 21. Bxf7+ Kxf7 22. Bxc5 Bxh3 23. Bxe7 Qxe7 24. Qd2 Kg7 25. Ng5 Bg4 26. f3 Red8 27. Qe3 Be6 28. Kg2 a4 29. Nxe6+ Qxe6 30. Qb6 Qe7 1/2-1/2

[Event "Samara Mayak Rating"]
[Site "Samara"]
[Date "2008.03.24"]
[Round "2"]
[White "Belonogov, Alexander"]
[Black "Strokov, Anatoli"]
[Result "1-0"]
[WhiteElo "2163"]
[BlackElo "2204"]
[PlyCount "35"]
[EventDate "2008.03.23"]
[EventType "tourn"]
[EventRounds "9"]
[EventCountry "RUS"]
[SourceTitle "EXT 2022"]
[Source "ChessBase"]
[SourceDate "2021.10.06"]
[SourceVersion "1"]
[SourceVersionDate "2021.10.06"]
[SourceQuality "1"]

1. d4 e6 2. c4 f5 3. Nf3 Nf6 4. g3 c6 5. Bg2 d5 6. 0-0 Bd6 7. Qc2 0-0 8. e3 b6 9. b3 Qe7 10. a4 Bb7 11. Ba3 Na6 12. Bxd6 Qxd6 13. Nbd2 c5 14. Ne5 Nb4 15. Qc3 Ne4 16. Nxe4 dxe4 17. dxc5 Qxc5 18. Nd7 1-0

[Event "Russia CC-ch"]
[Site "Russia"]
[Date "2007.03.31"]
[Round "9"]
[White "Belonogov, Alexander"]
[Black "Fomichev, Sergey"]
[Result "0-1"]
[WhiteElo "2194"]
[BlackElo "2095"]
[PlyCount "60"]
[EventDate "2007.03.17"]
[EventType "tourn"]
[EventRounds "9"]
[EventCountry "RUS"]
[SourceTitle "EXT 2008"]
[Source "ChessBase"]
[SourceDate "2007.11.25"]
[SourceVersion "1"]
[SourceVersionDate "2007.11.25"]
[SourceQuality "1"]

1. d4 Nf6 2. Nf3 c5 3. d5 e6 4. c4 b5 5. dxe6 fxe6 6. cxb5 Qa5+ 7. Nc3 a6 8. b6 Nc6 9. Bd2 Qxb6 10. e4 Be7 11. Bc4 0-0 12. 0-0 Bb7 13. Qe2 Na5 14. Bd3 c4 15. Bc2 Qxb2 16. Rfc1 Qb6 17. e5 Ng4 18. Ne4 Rxf3 19. gxf3 Nxe5 20. Rab1 Qc7 21. Bxa5 Qxa5 22. Rxb7 Rf8 23. f4 Rxf4 24. Rb8+ Bf8 25. Ng3 Nf3+ 26. Kh1 Qg5 27. h3 Qh6 28. Qf1 Ng5 29. Re1 Nxh3 30. Ne4 Nxf2+ 0-1

[Event "Samara Region-ch FL"]
[Site "Samara"]
[Date "2006.12.??"]
[Round "1"]
[White "Belonogov, Alexander"]
[Black "Demin, Dmitry"]
[Result "0-1"]
[WhiteElo "2194"]
[BlackElo "1714"]
[PlyCount "62"]
[EventDate "2006.12.07"]
[EventType "swiss"]
[EventRounds "9"]
[EventCountry "RUS"]
[SourceTitle "EXT 2019"]
[Source "ChessBase"]
[SourceDate "2018.10.10"]
[SourceVersion "1"]
[SourceVersionDate "2018.10.10"]
[SourceQuality "1"]

1. d4 Nf6 2. c4 g6 3. Nc3 Bg7 4. e4 d6 5. Nf3 0-0 6. Be2 e5 7. 0-0 Nc6 8. Re1 Bg4 9. d5 Ne7 10. Be3 Nd7 11. Qc1 Bxf3 12. Bxf3 f5 13. g3 f4 14. gxf4 exf4 15. Bd2 Ne5 16. Be2 f3 17. Bf1 Qd7 18. Kh1 Qg4 19. h3 Qh4 20. Bg5 Qxf2 21. Bxe7 Ng4 22. hxg4 Bd4 23. Ne2 fxe2 24. Bxe2 Rf3 25. Qh6 Rg3 26. Qh2 Qe3 27. Rf1 Rh3 28. Bf3 Rxh2+ 29. Kxh2 Qd2+ 30. Kh3 Be5 31. Rh1 Qf2 0-1

[Event "Samara Region-ch FL"]
[Site "Samara"]
[Date "2006.12.??"]
[Round "9"]
[White "Purygin, Andrei"]
[Black "Belonogov, Alexander"]
[Result "1/2-1/2"]
[WhiteElo "2099"]
[BlackElo "2194"]
[PlyCount "40"]
[EventDate "2006.12.07"]
[EventType "swiss"]
[EventRounds "9"]
[EventCountry "RUS"]
[SourceTitle "EXT 2019"]
[Source "ChessBase"]
[SourceDate "2018.10.10"]
[SourceVersion "1"]
[SourceVersionDate "2018.10.10"]
[SourceQuality "1"]

1. d4 Nf6 2. c4 e6 3. Nc3 d5 4. Bg5 Be7 5. e3 0-0 6. Nf3 Nbd7 7. Bd3 c6 8. 0-0 h6 9. Bh4 b6 10. cxd5 exd5 11. Rc1 Re8 12. Bxf6 Nxf6 13. e4 dxe4 14. Nxe4 Bb7 15. Ne5 Rc8 16. Qb3 Nd5 17. Nc3 Bf6 18. Nxd5 cxd5 19. Bb5 Re7 20. f4 Rec7 1/2-1/2